[Event "Lima Palma Memorial U1850 1st"]
[Site "Lima"]
[Date "2018.01.27"]
[Round "8.7"]
[White "Roman, Juan Daniel"]
[Black "Villanueva, David"]
[Result "0-1"]
[WhiteElo "1751"]
[BlackElo "1578"]
[PlyCount "76"]
[EventDate "2018.01.23"]
[EventType "swiss"]
[EventRounds "8"]
[EventCountry "PER"]
[SourceTitle "EXT 2024"]
[Source "ChessBase"]
[SourceDate "2023.10.10"]
[SourceVersion "1"]
[SourceVersionDate "2023.10.10"]
[SourceQuality "1"]

1. e4 d5 2. exd5 Nf6 3. Bb5+ Bd7 4. Be2 Nxd5 5. Nf3 Nc6 6. d4 Bf5 7. 0-0 e6 8. Bb5 Bd6 9. c4 Ndb4 10. c5 Be7 11. a3 Nc2 12. Ne5 N2xd4 13. Bxc6+ Nxc6 14. Nxc6 bxc6 15. Qa4 0-0 16. Rd1 Qe8 17. Be3 Rd8 18. Nc3 Rxd1+ 19. Rxd1 Qb8 20. Qxc6 Qxb2 21. Nb5 Bc2 22. Bc1 Qe5 23. Rf1 Bd3 24. Rd1 Qe2 25. Nc3 Qc2 26. Qf3 Qxc3 27. Qxd3 Qxd3 28. Rxd3 Bxc5 29. Bf4 Bb6 30. Kf1 c5 31. Ke2 c4 32. Rc3 Rc8 33. Be3 Ba5 34. Rc2 a6 35. Bd4 f6 36. Ke3 Kf7 37. f4 Ke7 38. Ke4 Kd6 0-1

[Event "Lima Palma Memorial U1850 1st"]
[Site "Lima"]
[Date "2018.01.23"]
[Round "3.7"]
[White "Roman, Juan Daniel"]
[Black "Giraldo Arana, Jose Alfonso"]
[Result "1-0"]
[WhiteElo "1751"]
[BlackElo "1563"]
[PlyCount "32"]
[EventDate "2018.01.23"]
[EventType "swiss"]
[EventRounds "8"]
[EventCountry "PER"]
[SourceTitle "EXT 2024"]
[Source "ChessBase"]
[SourceDate "2023.10.10"]
[SourceVersion "1"]
[SourceVersionDate "2023.10.10"]
[SourceQuality "1"]

1. e4 d5 2. exd5 Qxd5 3. Nc3 Qd6 4. Nf3 Nf6 5. d4 h6 6. h3 e6 7. Bc4 b5 8. Bb3 c5 9. dxc5 Qxd1+ 10. Nxd1 Nbd7 11. c6 Nc5 12. 0-0 Kd8 13. Ne5 Nxb3 14. cxb3 Ke7 15. Bd2 Nd5 16. Ba5 f6 1-0

[Event "Lima Surco op 2nd"]
[Site "Lima"]
[Date "2017.07.16"]
[Round "7"]
[White "De la Barrera Montenegro, Eduardo"]
[Black "Roman, Juan Daniel"]
[Result "0-1"]
[WhiteElo "1992"]
[BlackElo "1720"]
[PlyCount "50"]
[EventDate "2017.07.08"]
[EventType "swiss"]
[EventRounds "9"]
[EventCountry "PER"]
[SourceTitle "EXT 2018"]
[Source "ChessBase"]
[SourceDate "2017.10.13"]
[SourceVersion "1"]
[SourceVersionDate "2017.10.13"]
[SourceQuality "1"]

1. d4 g6 2. e4 Bg7 3. Nf3 d6 4. Be2 Nd7 5. 0-0 e5 6. c3 Ne7 7. Be3 0-0 8. Nbd2 h6 9. dxe5 Nxe5 10. Nxe5 dxe5 11. Qb3 b6 12. Rfd1 Bb7 13. Bc5 Rb8 14. Ba3 Kh7 15. Nf1 Qe8 16. Bb5 c6 17. Bc4 c5 18. f3 f5 19. Qc2 fxe4 20. fxe4 Qc6 21. Bd5 Nxd5 22. exd5 Qf6 23. Ng3 Qf4 24. Qe2 Qa4 25. Ne4 Rf4 0-1

[Event "Lima Surco op 2nd"]
[Site "Lima"]
[Date "2017.07.09"]
[Round "3"]
[White "Roman, Juan Daniel"]
[Black "Reynaldo, Jorge"]
[Result "1-0"]
[WhiteElo "1720"]
[BlackElo "1847"]
[PlyCount "55"]
[EventDate "2017.07.08"]
[EventType "swiss"]
[EventRounds "9"]
[EventCountry "PER"]
[SourceTitle "EXT 2018"]
[Source "ChessBase"]
[SourceDate "2017.10.13"]
[SourceVersion "1"]
[SourceVersionDate "2017.10.13"]
[SourceQuality "1"]

1. e4 e6 2. d4 d5 3. exd5 exd5 4. Bd3 Nc6 5. c3 Bd6 6. Qf3 Nge7 7. Ne2 0-0 8. Bf4 Be6 9. Nd2 Qd7 10. Bxd6 cxd6 11. h3 Rac8 12. 0-0 Na5 13. b3 Rfe8 14. Rfe1 g6 15. Rac1 Bf5 16. Ng3 Bxd3 17. Qxd3 Kg7 18. Nf3 a6 19. Ng5 b5 20. Nh5+ gxh5 21. Qxh7+ Kf6 22. Qxf7+ Kxg5 23. Qg7+ Kf5 24. Re3 Qc7 25. g4+ hxg4 26. hxg4+ Kf4 27. Qf6+ Kxg4 28. Rg3+ 1-0

[Event "PER-ch"]
[Site "Lima"]
[Date "2017.03.04"]
[Round "7"]
[White "Prado Gascon, Marcelo"]
[Black "Roman, Juan Daniel"]
[Result "0-1"]
[WhiteElo "1499"]
[BlackElo "1694"]
[PlyCount "80"]
[EventDate "2017.03.01"]
[EventType "swiss"]
[EventRounds "9"]
[EventCountry "PER"]
[SourceTitle "CBM 177 Extra"]
[Source "ChessBase"]
[SourceDate "2017.04.27"]
[SourceVersion "1"]
[SourceVersionDate "2017.04.27"]
[SourceQuality "1"]

1. d4 Nf6 2. c4 g6 3. Nf3 Bg7 4. g3 0-0 5. Bg2 d6 6. 0-0 Nbd7 7. Nc3 c5 8. d5 Nb6 9. Nd2 a6 10. Qc2 Qc7 11. b3 e6 12. Bb2 Re8 13. Rfe1 e5 14. e4 Nh5 15. Ne2 f5 16. f4 exf4 17. Bxg7 Qxg7 18. Nxf4 Nxf4 19. gxf4 fxe4 20. Bxe4 Rf8 21. f5 gxf5+ 22. Kh1 Kh8 23. Rg1 Qf6 24. Raf1 Bd7 25. Bd3 Rae8 26. Ne4 Qe5 27. Ng5 h6 28. Nf3 Qf6 29. Rg3 Rg8 30. Rfg1 Rxg3 31. Rxg3 Rg8 32. Rxg8+ Kxg8 33. Kg2 Kf7 34. Kf1 Nc8 35. Kg2 Ne7 36. Kf1 Ng6 37. Be2 Nf4 38. Bd1 Nh3 39. Qd2 Ng5 40. Ne1 Ne4 0-1

[Event "Lima Palma Memorial 2nd"]
[Site "Lima"]
[Date "2016.09.11"]
[Round "3.11"]
[White "Roman, Juan Daniel"]
[Black "Delgado Barzola, Samuel"]
[Result "1-0"]
[WhiteElo "1737"]
[BlackElo "1518"]
[PlyCount "75"]
[EventDate "2016.09.09"]
[EventType "swiss"]
[EventRounds "7"]
[EventCountry "PER"]
[SourceTitle "EXT 2024"]
[Source "ChessBase"]
[SourceDate "2023.10.10"]
[SourceVersion "1"]
[SourceVersionDate "2023.10.10"]
[SourceQuality "1"]

1. e4 c6 2. d4 d5 3. exd5 cxd5 4. Bd3 Nf6 5. Nf3 e6 6. Bf4 Bd6 7. Bxd6 Qxd6 8. c3 0-0 9. 0-0 Nbd7 10. Re1 Re8 11. Ne5 Nf8 12. Nd2 Ng6 13. g3 Nd7 14. Ndf3 Nb6 15. h4 Nxe5 16. Nxe5 Qe7 17. Qh5 g6 18. Qh6 Qf8 19. Qe3 Bd7 20. h5 Re7 21. hxg6 fxg6 22. Kg2 Qf6 23. Rh1 Rf8 24. Rh6 Nc4 25. Bxc4 dxc4 26. f4 Bc6+ 27. Kg1 Bd5 28. Qe2 Qf5 29. Rf1 b5 30. g4 Qe4 31. Qxe4 Bxe4 32. g5 a5 33. Kh2 b4 34. Ng4 Kh8 35. Kg3 bxc3 36. bxc3 Rb8 37. Re1 Bf5 38. Nf6 1-0

[Event "Santiago del Surco IRT Ricardo Palma"]
[Site "Santiago del Surco"]
[Date "2016.07.18"]
[Round "1.3"]
[White "Roman, Juan Daniel"]
[Black "Castillo Walde, Mayra Yamile"]
[Result "1-0"]
[WhiteElo "1720"]
[BlackElo "1522"]
[PlyCount "75"]
[EventDate "2016.07.18"]
[EventType "swiss"]
[EventRounds "7"]
[EventCountry "PER"]
[SourceTitle "EXT 2024"]
[Source "ChessBase"]
[SourceDate "2023.10.10"]
[SourceVersion "1"]
[SourceVersionDate "2023.10.10"]
[SourceQuality "1"]

1. e4 c5 2. Nf3 d6 3. d4 cxd4 4. Nxd4 Nf6 5. Nc3 g6 6. g3 Bg7 7. Bg2 Nc6 8. 0-0 0-0 9. h3 Nxe4 10. Nxc6 Nxc3 11. Nxd8 Nxd1 12. Nxb7 Nxb2 13. Bxb2 Bxb2 14. Rab1 Bc3 15. Nxd6 exd6 16. Bxa8 Ba6 17. Bd5 Bxf1 18. Kxf1 Bd4 19. Rb7 Bc5 20. Ke2 g5 21. a4 Kg7 22. a5 Kg6 23. a6 f5 24. Re7 h6 25. f3 Kf6 26. Re6+ Kg7 27. Kd3 Rb8 28. Bb7 Rf8 29. Kc4 f4 30. g4 Rf6 31. Re2 Rf7 32. Kb5 Kf6 33. Be4 Re7 34. Kc6 Bb4 35. c4 Bc5 36. Rd2 Ke5 37. Rd5+ Kf6 38. Rd1 1-0

[Event "Lima Santisimo Nombre de Jesus"]
[Site "Lima"]
[Date "2015.05.30"]
[Round "7"]
[White "Roman, Juan Daniel"]
[Black "Saenz Ayllon, Ivan David"]
[Result "0-1"]
[WhiteElo "1698"]
[BlackElo "1789"]
[PlyCount "94"]
[EventDate "2015.05.22"]
[EventType "swiss"]
[EventRounds "8"]
[EventCountry "PER"]
[SourceTitle "EXT 2024"]
[Source "ChessBase"]
[SourceDate "2023.10.10"]
[SourceVersion "1"]
[SourceVersionDate "2023.10.10"]
[SourceQuality "1"]

1. d4 Nf6 2. g3 d5 3. Bg2 e6 4. e3 b6 5. b3 Bb7 6. Bb2 Be7 7. Nf3 Nbd7 8. Nbd2 0-0 9. 0-0 c5 10. Rc1 Rc8 11. c4 cxd4 12. Nxd4 Nc5 13. cxd5 Bxd5 14. N2f3 Qd6 15. Qe2 Qb8 16. Rfd1 Qb7 17. Qf1 Rfd8 18. Ne5 Rd6 19. f3 Qa8 20. Nb5 Rdd8 21. e4 Bb7 22. Kh1 Ba6 23. Bd4 Ne8 24. Bxc5 Bxc5 25. Rxd8 Rxd8 26. a4 Nd6 27. Nd3 Bxb5 28. axb5 Ba3 29. Rc2 Nxb5 30. Ne5 Nd4 31. Ra2 Bd6 32. Nc4 Bc5 33. Qb1 Nb5 34. Qc2 Qb7 35. Bf1 Nd4 36. Qd1 Qe7 37. Kg2 h5 38. Qa1 Nxb3 39. Qe5 h4 40. g4 Bd4 41. Qb5 Nc5 42. Be2 h3+ 43. Kxh3 g6 44. Qb4 Kg7 45. Kg3 Rh8 46. Bf1 Qh4+ 47. Kf4 g5# 0-1

[Event "Lima Santisimo Nombre de Jesus"]
[Site "Lima"]
[Date "2015.05.23"]
[Round "3"]
[White "Roman, Juan Daniel"]
[Black "Cornejo Perales, Gianella"]
[Result "1-0"]
[WhiteElo "1698"]
[BlackElo "1405"]
[PlyCount "115"]
[EventDate "2015.05.22"]
[EventType "swiss"]
[EventRounds "8"]
[EventCountry "PER"]
[SourceTitle "EXT 2024"]
[Source "ChessBase"]
[SourceDate "2023.10.10"]
[SourceVersion "1"]
[SourceVersionDate "2023.10.10"]
[SourceQuality "1"]

1. e4 e5 2. Nf3 Nc6 3. Bc4 d6 4. 0-0 Be7 5. d4 Bg4 6. h3 Bxf3 7. Qxf3 Nf6 8. d5 Nd4 9. Qd3 c6 10. c3 b5 11. cxd4 bxc4 12. Qxc4 cxd5 13. Qc6+ Nd7 14. Qxd5 0-0 15. dxe5 dxe5 16. Be3 Bf6 17. Nc3 Nb6 18. Qb5 Qc7 19. Rac1 Qd8 20. Rfd1 Qb8 21. a4 Nc8 22. Rd7 Qxb5 23. Nxb5 Nb6 24. Bxb6 axb6 25. b3 h6 26. Rb7 Bg5 27. Rc6 Rab8 28. Rbxb6 Rxb6 29. Rxb6 Rd8 30. Rd6 Rc8 31. Rd1 Rc2 32. Ra1 Bd8 33. a5 Rb2 34. a6 Bb6 35. a7 Bxf2+ 36. Kf1 Bxa7 37. Nxa7 Rxb3 38. Re1 Kh7 39. Nc6 f6 40. Ne7 Ra3 41. Re2 Rb3 42. Kf2 Rb7 43. Nd5 Rf7 44. Ke3 f5 45. exf5 Rxf5 46. Ke4 Rg5 47. Ne3 g6 48. g4 h5 49. h4 Rxg4+ 50. Nxg4 hxg4 51. Rg2 Kh6 52. Rxg4 Kh5 53. Rg5+ Kxh4 54. Rxg6 Kh5 55. Rg1 Kh6 56. Kxe5 Kh7 57. Kf6 Kh8 58. Kf7 1-0

[Event "Lima Santisimo op"]
[Site "Lima"]
[Date "2014.09.05"]
[Round "6"]
[White "Hilario Huaranca, Aleyla Karen"]
[Black "Roman, Juan Daniel"]
[Result "0-1"]
[WhiteElo "1659"]
[BlackElo "1684"]
[PlyCount "64"]
[EventDate "2014.08.30"]
[EventType "swiss"]
[EventRounds "8"]
[EventCountry "PER"]
[SourceTitle "CBM 162 Extra"]
[Source "ChessBase"]
[SourceDate "2014.10.17"]
[SourceVersion "1"]
[SourceVersionDate "2014.10.17"]
[SourceQuality "1"]

1. d4 Nf6 2. Nf3 g6 3. g3 Bg7 4. Bg2 0-0 5. 0-0 d6 6. c4 Nbd7 7. Nc3 e5 8. d5 a5 9. Rb1 Nc5 10. a3 Bf5 11. Ra1 h6 12. Nd2 Qc8 13. e4 Bh3 14. Rb1 Bxg2 15. Kxg2 Nh7 16. b4 axb4 17. axb4 Nd3 18. Qc2 Nxc1 19. Rfxc1 f5 20. c5 f4 21. cxd6 cxd6 22. Qd1 Ng5 23. Nf3 Qh3+ 24. Kh1 fxg3 25. fxg3 Rxf3 26. Qg1 Ra3 27. Ne2 Nxe4 28. Qg2 Qxg2+ 29. Kxg2 Rf2+ 30. Kg1 Rxe2 31. Rc8+ Kh7 32. Rf1 Raa2 0-1

[Event "Lima Santisimo Nombre de Jesus 4"]
[Site "Lima"]
[Date "2014.08.04"]
[Round "1.21"]
[White "Roman, Juan Daniel"]
[Black "Najar, Marcela"]
[Result "1-0"]
[WhiteElo "1684"]
[BlackElo "1381"]
[PlyCount "73"]
[EventDate "2014.08.04"]
[EventType "swiss"]
[EventRounds "8"]
[EventCountry "PER"]
[SourceTitle "EXT 2024"]
[Source "ChessBase"]
[SourceDate "2023.10.10"]
[SourceVersion "1"]
[SourceVersionDate "2023.10.10"]
[SourceQuality "1"]

1. e4 e5 2. Nf3 Nc6 3. Bc4 Bc5 4. 0-0 d6 5. c3 Nf6 6. b4 Bb6 7. d3 Bg4 8. h3 Bh5 9. g4 Bg6 10. Bg5 0-0 11. a4 a5 12. b5 Ne7 13. Bxf6 gxf6 14. Nh4 d5 15. exd5 Nxd5 16. Qf3 f5 17. Nxg6 fxg6 18. Qxd5+ Qxd5 19. Bxd5+ Kg7 20. gxf5 Rxf5 21. Bxb7 Raf8 22. Na3 Bxf2+ 23. Kh1 Rf3 24. Bxf3 Rxf3 25. Kg2 Rxd3 26. Rxf2 Rxc3 27. Rc2 Rd3 28. Rxc7+ Kf6 29. b6 Rb3 30. Nb5 Rd3 31. b7 Rd8 32. Rc8 Rxc8 33. bxc8Q e4 34. h4 h5 35. Rf1+ Ke5 36. Qc5+ Ke6 37. Qd6# 1-0

[Event "Lima Santisimo Nombre de Jesus 3"]
[Site "Lima"]
[Date "2014.06.29"]
[Round "8"]
[White "Landa Medrano, Gabriel Aaron"]
[Black "Roman, Juan Daniel"]
[Result "1/2-1/2"]
[WhiteElo "1733"]
[BlackElo "1669"]
[PlyCount "50"]
[EventDate "2014.06.21"]
[EventType "swiss"]
[EventRounds "8"]
[EventCountry "PER"]
[SourceTitle "EXT 2024"]
[Source "ChessBase"]
[SourceDate "2023.10.10"]
[SourceVersion "1"]
[SourceVersionDate "2023.10.10"]
[SourceQuality "1"]

1. d4 Nf6 2. Nf3 g6 3. g3 Bg7 4. c4 0-0 5. Bg2 d6 6. Nc3 c6 7. 0-0 Nbd7 8. h3 e5 9. dxe5 Nxe5 10. Nxe5 dxe5 11. Be3 Be6 12. b3 Qc8 13. Kh2 Rd8 14. Qc2 Bf5 15. Qb2 Qc7 16. Rad1 h5 17. Bg5 Rxd1 18. Rxd1 Nh7 19. Be3 Nf6 20. Bg5 Nh7 21. Be3 Nf6 22. Bg5 Nh7 23. Be3 Nf6 24. Bg5 Nh7 25. Be3 Nf6 1/2-1/2

[Event "Lima Santisimo Nombre de Jesus 3"]
[Site "Lima"]
[Date "2014.06.22"]
[Round "3"]
[White "Maravi Ceron, Jhon Julio"]
[Black "Roman, Juan Daniel"]
[Result "0-1"]
[WhiteElo "1551"]
[BlackElo "1669"]
[PlyCount "100"]
[EventDate "2014.06.21"]
[EventType "swiss"]
[EventRounds "8"]
[EventCountry "PER"]
[SourceTitle "EXT 2024"]
[Source "ChessBase"]
[SourceDate "2023.10.10"]
[SourceVersion "1"]
[SourceVersionDate "2023.10.10"]
[SourceQuality "1"]

1. e4 Nf6 2. Nc3 d5 3. e5 d4 4. exf6 dxc3 5. bxc3 exf6 6. Nf3 Be7 7. Bc4 0-0 8. 0-0 Nc6 9. d4 Bg4 10. h3 Bh5 11. Bf4 h6 12. Re1 Bd6 13. Bxd6 Qxd6 14. Be2 Rfe8 15. Qd2 Kf8 16. d5 Ne5 17. Nxe5 Rxe5 18. Bxh5 Rxh5 19. c4 Re5 20. Rxe5 fxe5 21. Re1 Re8 22. Qe3 b6 23. Qd3 g6 24. Qe3 Kg7 25. Kh1 Qb4 26. Qe2 Qa3 27. f4 e4 28. Qe3 Qxe3 29. Rxe3 f5 30. Kg1 Kf6 31. Kf2 Ke7 32. Ke2 Rd8 33. Rg3 Rg8 34. h4 Kf6 35. Ke3 g5 36. hxg5+ hxg5 37. Kd4 g4 38. Re3 Rd8 39. g3 Rh8 40. Re2 Rh1 41. Rg2 Ra1 42. Kc3 Rxa2 43. Kb3 Ra1 44. Kb2 Rd1 45. Kc3 a5 46. Re2 Rg1 47. Re3 Rf1 48. Kd2 Rf3 49. Ke2 Rxe3+ 50. Kxe3 a4 0-1

[Event "Lima Santisimo Nombre de Jesus 3"]
[Site "Lima"]
[Date "2014.06.22"]
[Round "4"]
[White "Roman, Juan Daniel"]
[Black "Rosello, Jaime"]
[Result "0-1"]
[WhiteElo "1669"]
[BlackElo "2027"]
[PlyCount "76"]
[EventDate "2014.06.21"]
[EventType "swiss"]
[EventRounds "8"]
[EventCountry "PER"]
[SourceTitle "EXT 2024"]
[Source "ChessBase"]
[SourceDate "2023.10.10"]
[SourceVersion "1"]
[SourceVersionDate "2023.10.10"]
[SourceQuality "1"]

1. e4 e5 2. Nf3 Nc6 3. Bc4 Bc5 4. 0-0 Nf6 5. d3 d6 6. c3 h6 7. b4 Bb6 8. h3 0-0 9. Kh1 Be6 10. Na3 a6 11. Qd2 Qd7 12. Bxe6 fxe6 13. Nc4 Ba7 14. a3 Nh5 15. Qe2 Qf7 16. Bd2 Nf4 17. Bxf4 Qxf4 18. Ra2 Rf7 19. Nh2 Raf8 20. Qg4 b5 21. Qxe6 bxc4 22. Qxc4 Nb8 23. a4 Qh4 24. f3 Be3 25. Qe6 Nd7 26. Qg4 Qe7 27. Qg3 Nf6 28. Qg6 Nh7 29. Qg3 Bf4 30. Qf2 Qg5 31. g4 Bxh2 32. Kxh2 Rxf3 33. Qxf3 Rxf3 34. Rxf3 Qc1 35. c4 Ng5 36. Rff2 Qe3 37. Rg2 Nf3+ 38. Kh1 Qe1+ 0-1

[Event "Lima Santisimo Nombre de Jesus 2"]
[Site "Lima"]
[Date "2014.05.04"]
[Round "8"]
[White "Roman, Juan Daniel"]
[Black "Landa Medrano, Gabriel Aaron"]
[Result "1-0"]
[WhiteElo "1617"]
[BlackElo "1733"]
[PlyCount "129"]
[EventDate "2014.04.26"]
[EventType "swiss"]
[EventRounds "8"]
[EventCountry "PER"]
[SourceTitle "EXT 2024"]
[Source "ChessBase"]
[SourceDate "2023.10.10"]
[SourceVersion "1"]
[SourceVersionDate "2023.10.10"]
[SourceQuality "1"]

1. e4 c5 2. Nf3 d6 3. d4 cxd4 4. Nxd4 Nf6 5. Nc3 a6 6. Bc4 e6 7. Be3 b5 8. Bb3 Be7 9. f3 Qc7 10. a3 Bd7 11. Qd2 Nc6 12. 0-0-0 Nxd4 13. Qxd4 a5 14. Qb6 Qxb6 15. Bxb6 0-0 16. g4 b4 17. axb4 axb4 18. Ne2 Rfc8 19. Kd2 d5 20. e5 Ne8 21. Ra1 f6 22. Bd4 Bb5 23. Rxa8 Rxa8 24. Nf4 fxe5 25. Bxe5 Ra6 26. Nxe6 Bc4 27. Nd4 Nd6 28. Bxd6 Bxd6 29. Ke3 Bc5 30. Bxc4 dxc4 31. Ke4 Rd6 32. c3 Bxd4 33. cxd4 Re6+ 34. Kd5 Re2 35. Kxc4 Rxb2 36. d5 Kf7 37. Re1 Kf8 38. Re3 Rd2 39. Kc5 b3 40. Rxb3 Ke8 41. Kd6 Ra2 42. Rb7 Ra6+ 43. Ke5 Rg6 44. Rc7 Kd8 45. Rc6 Rg5+ 46. Ke4 Kd7 47. h4 Rg6 48. Rxg6 hxg6 49. Ke5 Ke7 50. d6+ Kd7 51. Kf4 Kxd6 52. Kg5 Ke7 53. Kxg6 Kf8 54. Kh7 Kf7 55. f4 Kf8 56. f5 Kf7 57. g5 Kf8 58. h5 Kf7 59. h6 gxh6 60. Kxh6 Kg8 61. g6 Kh8 62. f6 Kg8 63. g7 Kf7 64. Kh7 Kxf6 65. g8Q 1-0

[Event "Lima Santisimo Nombre de Jesus 2"]
[Site "Lima"]
[Date "2014.05.03"]
[Round "6"]
[White "Roman, Juan Daniel"]
[Black "Balvin, Jorge"]
[Result "1-0"]
[WhiteElo "1617"]
[BlackElo "1758"]
[PlyCount "135"]
[EventDate "2014.04.26"]
[EventType "swiss"]
[EventRounds "8"]
[EventCountry "PER"]
[SourceTitle "EXT 2024"]
[Source "ChessBase"]
[SourceDate "2023.10.10"]
[SourceVersion "1"]
[SourceVersionDate "2023.10.10"]
[SourceQuality "1"]

1. e4 e6 2. d4 d5 3. exd5 exd5 4. Bd3 Nc6 5. c3 Bd6 6. Qf3 Be6 7. Ne2 Qh4 8. Bf4 0-0-0 9. Nd2 Bg4 10. Qg3 Qxg3 11. Bxg3 Nf6 12. f3 Bh5 13. Bxd6 Rxd6 14. Nf4 g5 15. Nxh5 Nxh5 16. g3 Nf6 17. Kf2 Kd8 18. Rae1 g4 19. Re2 h5 20. fxg4 Nxg4+ 21. Kg2 h4 22. h3 Nh6 23. gxh4 Ne7 24. Nf3 Nhf5 25. Ne5 Rf6 26. Rhe1 Nxh4+ 27. Kh2 Nc6 28. Ng4 Nf3+ 29. Kg3 Nxe1 30. Rxe1 Re6 31. Rf1 Ke7 32. Bf5 Re2 33. Nf6 Kd6 34. Kf3 Rxb2 35. Re1 Ne7 36. Bg4 Ng6 37. Ne8+ Kc6 38. Nf6 Nh4+ 39. Kg3 Rg2+ 40. Kf4 Ng6+ 41. Kg5 Rxh3 42. c4 dxc4 43. d5+ Kc5 44. Nd7+ Kd6 45. Nf6 Ne5 46. Ne8+ Kxd5 47. Nf6+ Kd4 48. Re4+ Kd3 49. Rxe5 Kc2 50. Kf4 Ra3 51. Ne4 Kc1 52. Bf5 c3 53. Rc5 Rgxa2 54. Nxc3 Rxc3 55. Rxc3+ Kd2 56. Rxc7 Ra4+ 57. Be4 b5 58. Rc2+ Kd1 59. Ke3 Ra3+ 60. Bd3 a5 61. Rb2 Ra1 62. Rd2+ Kc1 63. Rc2+ Kd1 64. Rb2 Kc1 65. Rxb5 a4 66. Rf5 Kb2 67. Rxf7 Kb3 68. Kd2 1-0